Data networks, IP and the internet: Protocols, design and operation

שמור ב:
מידע ביבליוגרפי
מחבר ראשי: Martin P. Clark
פורמט: ספר
שפה:Undetermined
יצא לאור: New Jersey John Wiley & Sons, Inc 2003
נושאים:
תגים: הוספת תג
אין תגיות, היה/י הראשונ/ה לתייג את הרשומה!
Thư viện lưu trữ: Trung tâm Học liệu Trường Đại học Cần Thơ
LEADER 00540nam a2200181Ia 4500
001 CTU_65966
008 210402s9999 xx 000 0 und d
020 |b 2550000 
082 |a 004.6 
082 |b M594 
100 |a Martin P. Clark 
245 0 |a Data networks, IP and the internet: Protocols, design and operation 
245 0 |c Clark Martin P. 
260 |a New Jersey 
260 |b John Wiley & Sons, Inc 
260 |c 2003 
650 |a Computer networks,Mạng máy tính 
980 |a Trung tâm Học liệu Trường Đại học Cần Thơ